| Поле | Название | Значение |
| |
Тип записи |
a |
| |
Библиографический уровень |
m |
| 001 |
Контрольный номер |
1ede0056b46e4021bac1a51277834154 |
| 005 |
Дата корректировки |
20140526192814.4 |
| 200 |
Заглавие и сведения об ответственности |
__ |
| a |
Заглавие |
Права человека |
| e |
Сведения, относящиеся к заглавию |
Сб.междунар.-правовых документов |
| f |
Первые сведения об ответственности |
Сост.А.Г.Ерицян;Отв.ред.А.В.Багдасарян |
| 210 |
Выходные данные |
__ |
| a |
Место издания |
Ереван |
| c |
Издательство |
Мхитар Гош |
| d |
Дата издания |
1997 |
| 215 |
Физическое описание |
__ |
| a |
Объем |
319 |
| 606 |
Тематические рубрики |
__ |
| a |
Основная рубрика |
Международное право |
| 610 |
Ключевые слова |
__ |
| a |
Ключевые слова |
права человека |
| 686 |
Индексы других классификаций |
__ |
| a |
Классификационный индекс |
67 |
| 2 |
Код системы |
rubbk |
| 686 |
Индексы других классификаций |
__ |
| a |
Классификационный индекс |
67.91-32 |
| 2 |
Код системы |
rubbk |
| 801 |
Источник записи |
_0 |
| a |
Страна |
RU |
| b |
Организация |
РУК |
| c |
Дата составления |
20030127 |
| g |
Правила каталогизации |
PSBO |
| 801 |
Источник записи |
_1 |
| a |
Страна |
RU |
| b |
Организация |
РУК |
| c |
Дата составления |
20030127 |
| g |
Правила каталогизации |
PSBO |
| 852 |
Данные о местонахождении |
__ |
| i |
Авторский знак |
П 68 |
| j |
Шифр хранения |
67.91-32 |
| 901 |
Тип документа |
__ |
| t |
Тип документа |
m |
| 938 |
Служебная информация |
__ |
| a |
Название организации |
Головной вуз |
| b |
Имя БД |
BOOK |
| c |
Название АИБС |
АИБС ИРБИС |